00274nam a2200109Ia 4500008004000000082001800040100002000058245002700078260004000105300000800145650001100153210210b1967 xxu||||| |||| 00| 0 eng d a796.8152 TEGC aTEGNER (Bruce). aComplete book of Judo. aGreat Britain.bCorgi Books.,c1967 a256 aJudo